[Event "Michigan Open"]
[Site "East Lansing"]
[Date "1991.09.02"]
[Round "6"]
[White "Bailey, Greg"]
[Black "Levadi, David"]
[Result "1/2-1/2"]
[WhiteElo "2106"]
[BlackElo "1957"]
[PlyCount "113"]
[EventDate "1991.08.30"]

1. Nf3 Nf6 2. c4 c5 3. Nc3 g6 4. d4 cxd4 5. Nxd4 d5 6. cxd5 Nxd5 7. Qa4+ Bd7 8.
Qb3 Nxc3 9. Qxb7 Qa5 10. Be3 Qd5 11. Qxd5 Nxd5 12. g3 Nxe3 13. fxe3 Na6 14. Bg2
Rb8 15. Rb1 e5 16. Nc6 Bxc6 17. Bxc6+ Ke7 18. a3 Bh6 19. Kf2 Rhc8 20. Bd5 Rc2
21. b3 Rc3 22. e4 Rb6 23. Rhd1 Nc5 24. b4 Be3+ 25. Ke1 Ne6 26. Rd3 Rc1+ 27.
Rxc1 Bxc1 28. Rc3 Bh6 29. e3 Kd7 30. Ke2 Bf8 31. g4 f6 32. Kf3 Bd6 33. h4 h6
34. b5 Nc5 35. Bc6+ Ke7 36. h5 g5 37. Rc2 a6 38. a4 Nxa4 39. bxa6 Rxa6 40. Bb5
Ra5 41. Bxa4 Rxa4 42. Rc8 Kf7 43. Rc6 Be7 44. Rc1 Ra2 45. Rc7 Rd2 46. Rb7 Ke6
47. Rb6+ Rd6 48. Rb3 Rc6 49. Rd3 Bd6 50. Rb3 Bc7 51. Ke2 Rc2+ 52. Kf3 Kd7 53.
Rd3+ Kc6 54. Ra3 Rd2 55. Rc3+ Kb7 56. Rb3+ Bb6 57. Rc3 1/2-1/2

[Event "Michigan Open"]
[Site "East Lansing"]
[Date "1991.09.02"]
[Round "6"]
[White "Bagherabadi, Mohammed"]
[Black "Gawarecka, Edyta"]
[Result "0-1"]
[WhiteElo "2130"]
[BlackElo "2015"]
[PlyCount "62"]
[EventDate "1991.08.30"]

1. d4 Nf6 2. Nc3 d5 3. e4 Nxe4 4. Nxe4 dxe4 5. Bc4 g6 6. f3 Bg7 7. c3 exf3 8.
Nxf3 O-O 9. O-O Nd7 10. Qe1 Nb6 11. Bb3 c6 12. Bg5 Nd5 13. c4 Nf6 14. Qh4 a5
15. Rae1 a4 16. Bc2 Be6 17. b3 axb3 18. axb3 Ra2 19. Bd1 Qa5 20. Re5 Qa7 21.
Bh6 Bxh6 22. Qxh6 Ng4 23. Qh4 Nxe5 24. Nxe5 Kg7 25. Qxe7 Qxd4+ 26. Kh1 Qxe5 27.
Qxb7 Ra1 28. Qxc6 Bg4 29. Be2 Bxe2 30. g3 Bxf1 31. Qf3 Bh3+ 0-1

[Event "Michigan Open"]
[Site "East Lansing"]
[Date "1991.09.02"]
[Round "6"]
[White "Arganian, David G"]
[Black "Skidmore, Mike"]
[Result "1/2-1/2"]
[WhiteElo "2066"]
[BlackElo "1913"]
[PlyCount "125"]
[EventDate "1991.08.30"]

1. e4 c6 2. d4 d5 3. Nd2 dxe4 4. Nxe4 Bf5 5. Ng3 Bg6 6. Nf3 e6 7. h4 h6 8. h5
Bh7 9. Bd3 Bxd3 10. Qxd3 Be7 11. Bd2 Nd7 12. O-O-O Ngf6 13. Kb1 Qb6 14. c4
O-O-O 15. Qc2 Rhe8 16. Bc3 Kb8 17. Ne5 Nxe5 18. dxe5 Nd7 19. Bd4 Bc5 20. Rh4
Bxd4 21. Rhxd4 Nc5 22. Rd6 Rxd6 23. Rxd6 Rd8 24. Qd2 Kc8 25. Rxd8+ Qxd8 26.
Qxd8+ Kxd8 27. Kc2 f6 28. exf6 gxf6 29. b4 Nd7 30. Ne4 Kc7 31. g4 b6 32. f4 f5
33. gxf5 exf5 34. Ng3 Nf6 35. Kd3 Kd7 36. Nxf5 Nxh5 37. Ke3 Ke6 38. Nxh6 Ng7
39. Ke4 Ne8 40. f5+ Kf6 41. Ng4+ Kg5 42. Ke5 Kxg4 43. Ke6 Kf4 44. c5 bxc5 45.
bxc5 Ng7+ 46. Kd6 Nxf5+ 47. Kxc6 Ke4 48. a4 Kd4 49. a5 Kc4 50. a6 Nd4+ 51. Kb7
Nb5 52. c6 Kb4 53. c7 Ka5 54. c8=N Nc7 55. Kxc7 Kxa6 56. Kc6 Ka5 57. Kc5 a6 58.
Kc4 Ka4 59. Nb6+ Ka5 60. Nd5 Ka4 61. Nb4 Ka5 62. Kc5 Ka4 63. Nxa6 1/2-1/2

[Event "Michigan Open"]
[Site "East Lansing"]
[Date "1991.09.02"]
[Round "6"]
[White "Andrews, Steve"]
[Black "White, Mitchell"]
[Result "1-0"]
[WhiteElo "2272"]
[BlackElo "2069"]
[PlyCount "55"]
[EventDate "1991.08.30"]

1. d4 Nf6 2. c4 g6 3. Nc3 Bg7 4. e4 d6 5. f4 O-O 6. Be2 c5 7. d5 e6 8. Nf3 exd5
9. exd5 Re8 10. O-O a6 11. a4 Bf5 12. h3 Ne4 13. Nxe4 Bxe4 14. Ng5 Nd7 15. f5
Bd4+ 16. Kh1 Bxf5 17. Bd3 Bxd3 18. Qxd3 Ne5 19. Qg3 f5 20. Rxf5 Rf8 21. Rf4 Qe7
22. Ne6 Rxf4 23. Bxf4 Nxc4 24. Qd3 Ne5 25. Qe2 Qf6 26. Rf1 Qf5 27. Be3 Qe4 28.
Qf2 1-0

[Event "Michigan Open"]
[Site "East Lansing"]
[Date "1991.09.02"]
[Round "6"]
[White "Aliya, Daniel"]
[Black "Tobias, Philip"]
[Result "0-1"]
[WhiteElo "1843"]
[BlackElo "1432"]
[PlyCount "56"]
[EventDate "1991.08.30"]

1. e4 c6 2. d4 d5 3. e5 Bf5 4. Bg5 f6 5. Bf4 fxe5 6. dxe5 e6 7. Nf3 Nd7 8. Bd3
Bxd3 9. Qxd3 Qb6 10. b3 Nc5 11. Qe2 Ne4 12. Nbd2 Nxd2 13. Nxd2 Qd4 14. O-O Qxf4
15. g3 Qf5 16. c4 O-O-O 17. Qe3 Kb8 18. c5 d4 19. Qe2 Bxc5 20. Qc4 Qxe5 21.
Rfe1 Qf5 22. Rxe6 Nf6 23. b4 Ng4 24. Rf1 Bb6 25. Ne4 d3 26. Nc5 d2 27. Re7 Bxc5
28. bxc5 d1=Q 0-1

[Event "Michigan Open"]
[Site "East Lansing"]
[Date "1991.09.02"]
[Round "7"]
[White "Aliya, Daniel"]
[Black "Thomas, Henry"]
[Result "1/2-1/2"]
[WhiteElo "1843"]
[BlackElo "1775"]
[PlyCount "60"]
[EventDate "1991.08.30"]

1. e4 e5 2. Bc4 Nf6 3. d3 d5 4. exd5 Nxd5 5. Nf3 Nc6 6. a3 Bc5 7. O-O O-O 8.
Nbd2 a6 9. h3 b5 10. Ba2 Kh8 11. b4 Nc3 12. Qe1 Nxa2 13. Rxa2 Bd6 14. Bb2 Re8
15. Qe4 Bd7 16. Re1 f6 17. c4 Ne7 18. c5 Bf5 19. Qe2 Bxc5 20. bxc5 Bxd3 21. Qd1
Qd5 22. Ra1 Qxc5 23. Rc1 Qb6 24. Nh4 c5 25. Qg4 c4 26. Re3 Rad8 27. Rg3 Bg6 28.
Nxg6+ Nxg6 29. Nf3 Qe6 30. Qe4 Qd5 1/2-1/2

[Event "Michigan Open"]
[Site "East Lansing"]
[Date "1991.09.02"]
[Round "6"]
[White "Aldrich, Jeff"]
[Black "Householder, James"]
[Result "1-0"]
[WhiteElo "1837"]
[BlackElo "1416"]
[PlyCount "59"]
[EventDate "1991.08.30"]

1. d4 Nf6 2. c4 c5 3. d5 b5 4. cxb5 a6 5. bxa6 g6 6. Nc3 d6 7. g3 Bg7 8. Bg2
Nxa6 9. Nf3 O-O 10. O-O Bb7 11. Re1 Nb4 12. e4 Nd7 13. Kh1 Ne5 14. Nxe5 Bxe5
15. Bh6 Re8 16. a3 Na6 17. f4 Bh8 18. h4 e5 19. f5 Bf6 20. Qf3 Nc7 21. Rf1 g5
22. hxg5 Bxg5 23. Qg4 f6 24. Bxg5 fxg5 25. f6 Kh8 26. f7 Rf8 27. Qh5 Qe7 28.
Bh3 Kg7 29. Bf5 h6 30. Qg6+ 1-0

[Event "Prison Chess Benefit.1"]
[Site "?"]
[Date "1991.09.21"]
[Round "2"]
[White "Potter, George"]
[Black "Aldrich, Jeff"]
[Result "0-1"]
[WhiteElo "1878"]
[BlackElo "1837"]
[PlyCount "58"]
[EventDate "1991.??.??"]

1. e4 c6 2. d4 d5 3. Nc3 dxe4 4. Nxe4 Nd7 5. Nf3 Ngf6 6. Bd3 e6 7. O-O Nxe4 8.
Bxe4 Nf6 9. Bd3 c5 10. Be3 Nd5 11. c3 Bd6 12. Qc2 Bd7 13. Ne5 Nxe3 14. fxe3
Bxe5 15. dxe5 Qg5 16. Qf2 O-O-O 17. Rad1 Bc6 18. e4 Qxe5 19. Qxf7 c4 20. Bxc4
Qc5+ 21. Kh1 Qxc4 22. Rde1 Rd2 23. Qxg7 Rhd8 24. b3 Qd3 25. Qxh7 Re2 26. Qf7
Qxe4 27. Rxe2 Qxe2 28. Rg1 Bxg2+ 29. Rxg2 Rd1+ 0-1

[Event "MCA Prison Fund Benefit"]
[Site "Ann Arbor, Mich."]
[Date "1991.09.21"]
[Round "2"]
[White "Moody, David"]
[Black "Smith, David"]
[Result "0-1"]
[WhiteElo "2000"]
[BlackElo "1967"]
[PlyCount "122"]
[EventDate "1991.09.21"]

1. e4 Nf6 2. Nc3 d5 3. e5 Ne4 4. Nce2 f6 5. Nf3 Bg4 6. Nh4 fxe5 7. f3 e6 8. g3
g5 9. fxg4 gxh4 10. d3 Ng5 11. Bg2 h3 12. Bf1 Nf3+ 13. Kf2 Bc5+ 14. Be3 Bxe3+
15. Kxe3 O-O 16. Nf4 Nd4 17. Nxh3 Rf3+ 18. Kd2 e4 19. Bg2 e3+ 20. Kc1 e2 21.
Qd2 Rf7 22. c3 Nbc6 23. cxd4 Nxd4 24. Qg5+ Qxg5+ 25. Nxg5 Rf2 26. Nxe6 Nxe6 27.
Bxd5 Re8 28. Kd2 c6 29. Bxe6+ Rxe6 30. Ke1 Ref6 31. Kd2 Rg2 32. Rhe1 Rff2 33.
Ke3 Rxh2 34. Rac1 Rfg2 35. Rc2 Rxg3+ 36. Kf4 Rgg2 37. Kf3 Rf2+ 38. Ke3 Rfg2 39.
Rcxe2 Rg3+ 40. Kf4 Rxe2 41. Rxe2 Rxd3 42. Re7 Rd4+ 43. Kg5 Rb4 44. b3 a5 45.
Re8+ Kf7 46. Ra8 Rb5+ 47. Kh6 Rb4 48. Kg5 a4 49. bxa4 Rd4 50. Ra7 Rd7 51. a5
Ke6 52. Kh6 c5 53. a6 bxa6 54. Rxa6+ Kd5 55. g5 c4 56. Ra8 Rc7 57. Rd8+ Kc5 58.
Rd1 c3 59. Rc1 Kb4 60. Rc2 Kc4 61. Rh2 Kd3 0-1

[Event "Prison Chess Benefit.1"]
[Site "?"]
[Date "1991.09.21"]
[Round "3"]
[White "Eagle, Chris"]
[Black "Aldrich, Jeff"]
[Result "1-0"]
[WhiteElo "2089"]
[BlackElo "1837"]
[PlyCount "89"]
[EventDate "1991.??.??"]

1. d4 d5 2. Nf3 Nf6 3. c4 e6 4. g3 Be7 5. Bg2 O-O 6. O-O c5 7. dxc5 Bxc5 8. a3
a5 9. Qc2 Qb6 10. Nc3 Bd7 11. Ne5 Bd6 12. Nxd7 Nbxd7 13. cxd5 exd5 14. Nxd5
Nxd5 15. Bxd5 Nf6 16. Bg2 Rac8 17. Qf5 Rfe8 18. Rd1 Be5 19. Rb1 Qb3 20. Be3 g6
21. Qd3 Qxd3 22. Rxd3 b5 23. b4 axb4 24. Rxb4 Ng4 25. Rxg4 f5 26. Rb4 Rc2 27.
Rd7 Rxe2 28. Bd5+ Kh8 29. Rxb5 Re1+ 30. Kg2 Rd1 31. Rbb7 Rxd5 32. Rxd5 Bb2 33.
Rdd7 Kg8 34. Rxh7 Ba1 35. Rhd7 Bf6 36. a4 g5 37. a5 f4 38. gxf4 gxf4 39. Bxf4
Kh8 40. a6 Rg8+ 41. Bg3 Bg7 42. a7 Kh7 43. Be5 Kh6 44. Rxg7 Rxg7+ 45. Rxg7 1-0

[Event "Prison Chess Benefit.1"]
[Site "?"]
[Date "1991.09.21"]
[Round "1"]
[White "Aldrich, Jeff"]
[Black "Moody, David"]
[Result "0-1"]
[WhiteElo "1837"]
[BlackElo "2000"]
[PlyCount "100"]
[EventDate "1991.??.??"]

1. d4 Nf6 2. c4 c5 3. d5 e6 4. Nc3 exd5 5. cxd5 d6 6. e4 g6 7. Bg5 Bg7 8. Bd3
h6 9. Bh4 g5 10. Bg3 a6 11. a4 O-O 12. Nf3 Nh5 13. Qc2 Nxg3 14. hxg3 Nd7 15.
O-O Ne5 16. Nxe5 Bxe5 17. Ne2 Bg4 18. f3 Bh5 19. Rab1 Rb8 20. b4 cxb4 21. Rxb4
b5 22. Qc6 Qa5 23. Rfb1 Rfc8 24. Qd7 Qb6+ 25. Kh1 Qe3 26. R4b3 Bxf3 27. gxf3
Qxf3+ 28. Kg1 Bxg3 29. Nxg3 Qxg3+ 30. Kh1 Qf3+ 31. Kg1 Qe3+ 32. Kh1 Rc1+ 33.
Rxc1 Qxc1+ 34. Kh2 Rc8 35. Qxd6 Rc2+ 36. Bxc2 Qxc2+ 37. Kg1 Qxb3 38. Qb8+ Kh7
39. d6 bxa4 40. Qc7 Qg3+ 41. Kh1 Qf4 42. Qc6 a3 43. e5 Qf1+ 44. Kh2 Qe2+ 45.
Kh3 a2 46. Qd5 Qf1+ 47. Kg4 a1=Q 48. Qe4+ Kg7 49. d7 Qad1+ 50. Kg3 Qb3+ 0-1

[Event "Afternoon Action Class (September)"]
[Site "Farmington Hills, Mich."]
[Date "1991.09.28"]
[Round "3"]
[White "Moody, David"]
[Black "Stockham, James"]
[Result "1-0"]
[WhiteElo "2000"]
[BlackElo "1778"]
[PlyCount "87"]
[EventDate "1991.09.28"]

1. e4 e5 2. Nf3 Nc6 3. d4 exd4 4. Bc4 Nf6 5. O-O d6 6. Nxd4 Bd7 7. Nc3 Be7 8.
Re1 O-O 9. Bf4 Nxd4 10. Qxd4 Bc6 11. Rad1 Nh5 12. Be3 Bf6 13. Qd3 Bxc3 14. bxc3
Re8 15. f3 Qe7 16. Bd4 Rad8 17. Qf1 Qf8 18. Qf2 Nf6 19. Bxf6 gxf6 20. Qxa7 Re7
21. Qe3 Rde8 22. Qf4 Qg7 23. Bd5 Bxd5 24. Rxd5 Ra8 25. Ra1 Ra3 26. Rb5 b6 27.
Rb3 Ra5 28. a4 Rg5 29. g3 h5 30. Rb5 Ree5 31. Rxe5 fxe5 32. Qh4 Kf8 33. Kf2 Ke8
34. a5 bxa5 35. Rxa5 f6 36. Ra8+ Kd7 37. Qh3+ Kc6 38. Qc8 h4 39. Qe8+ Kb7 40.
Qa4 Kb6 41. Qa5+ Kc6 42. Qd5+ Kb6 43. Rb8+ Ka7 44. Qb7# 1-0

[Event "Afternoon Action Class (September)"]
[Site "Farmington Hills, Mich."]
[Date "1991.09.28"]
[Round "1"]
[White "Moody, David"]
[Black "Imai, Toshio"]
[Result "1-0"]
[WhiteElo "2000"]
[BlackElo "1724"]
[PlyCount "39"]
[EventDate "1991.09.28"]

1. e4 e5 2. Nf3 Nc6 3. d4 exd4 4. Bc4 Nf6 5. O-O Bc5 6. e5 d5 7. exf6 dxc4 8.
Re1+ Be6 9. Ng5 Qd5 10. Nc3 Qf5 11. Nce4 O-O-O 12. g4 Qe5 13. fxg7 Rhg8 14.
Nxe6 fxe6 15. Bg5 Rde8 16. Bf6 Qd5 17. Qf3 Ne7 18. Nxc5 Qxc5 19. Rxe6 Nd5 20.
Qf5 1-0

[Event "Morning Action Quads (September)"]
[Site "Farmington Hills, Mich."]
[Date "1991.09.28"]
[Round "2"]
[White "Moody, David"]
[Black "Andrews, Steve"]
[Result "1-0"]
[WhiteElo "2000"]
[BlackElo "2272"]
[PlyCount "68"]
[EventDate "1991.09.28"]

1. Nc3 g6 2. e4 Bg7 3. d4 d6 4. f4 Nd7 5. Nf3 e5 6. dxe5 dxe5 7. Bc4 c6 8. fxe5
Qe7 9. Bg5 Qc5 10. Qd3 h6 11. Bf4 g5 12. e6 gxf4 13. exf7+ Kf8 14. fxg8=Q+ Rxg8
15. Bxg8 Kxg8 16. O-O-O Nf8 17. Rhe1 Be6 18. e5 Re8 19. Qd4 Qa5 20. Qxf4 b5 21.
a3 c5 22. Nd2 b4 23. Ncb1 Qb5 24. axb4 cxb4 25. Nf3 Rc8 26. Nd4 Qc4 27. Qe4 Bd5
28. Qd3 Qa2 29. Re3 Bc4 30. Qf5 Ne6 31. Rg3 Rd8 32. Qf6 Kh8 33. Rxg7 Nxg7 34.
Qxd8+ Kh7 1-0

[Event "Morning Action Quads (September)"]
[Site "Farmington Hills, Mich."]
[Date "1991.09.28"]
[Round "3"]
[White "Moody, David"]
[Black "Almquist, Walter"]
[Result "1/2-1/2"]
[WhiteElo "2000"]
[BlackElo "1858"]
[PlyCount "92"]
[EventDate "1991.09.28"]

1. e4 c5 2. Nf3 e6 3. d4 cxd4 4. Nxd4 Nf6 5. Nc3 Nc6 6. Ndb5 d6 7. Bf4 e5 8.
Bg5 a6 9. Na3 Be6 10. Bxf6 gxf6 11. Nd5 f5 12. Bd3 Rg8 13. c3 Rc8 14. Qf3 f4
15. Qh5 h6 16. Be2 Rg6 17. h3 Ne7 18. Bg4 Nxd5 19. Bxe6 Rxe6 20. exd5 Rg6 21.
Rg1 Rg5 22. Qe2 Qa5 23. O-O-O b5 24. Kb1 Bg7 25. h4 Rg6 26. Qe4 Rb8 27. Nc2 Qb6
28. f3 a5 29. Nd4 b4 30. Nc6 bxc3 31. b3 Qf2 32. Qc2 Qxc2+ 33. Kxc2 Rc8 34.
Kxc3 e4+ 35. Kc4 exf3 36. gxf3 Kd7 37. h5 Rg3 38. Rxg3 fxg3 39. Kb5 Bc3 40. Rg1
Rg8 41. Nxa5 Rg5 42. Nc6 Rxd5+ 43. Kc4 Rc5+ 44. Kd3 Rxc6 45. Rxg3 Bb2 46. Rg2
Ba3 1/2-1/2

[Event "Morning Action Quads (September)"]
[Site "Farmington Hills, Mich."]
[Date "1991.09.28"]
[Round "1"]
[White "Calton, Bill"]
[Black "Moody, David"]
[Result "0-1"]
[WhiteElo "2073"]
[BlackElo "2000"]
[PlyCount "82"]
[EventDate "1991.09.28"]

1. d4 Nf6 2. Nf3 d5 3. Bg5 Bg4 4. Ne5 Bh5 5. Nd2 Nbd7 6. Bf4 e6 7. f3 c5 8. e3
cxd4 9. Nxd7 Nxd7 10. exd4 Qb6 11. Nb3 Bd6 12. Bxd6 Qxd6 13. Bd3 Bg6 14. O-O
Bxd3 15. Qxd3 Rc8 16. Rf2 O-O 17. c3 e5 18. Re1 f6 19. Qb5 a6 20. Qd3 Rfe8 21.
Rd2 exd4 22. Rxe8+ Rxe8 23. Qxd4 Re5 24. c4 Rh5 25. g3 Ne5 26. Qf4 g5 27. Qf5
Nxc4 28. Qc8+ Qf8 29. Qxf8+ Kxf8 30. Rxd5 Ne5 31. Kg2 Nc4 32. Rd7 Nxb2 33. Rxb7
Nd3 34. Rd7 Ne5 35. Ra7 g4 36. fxg4 Nxg4 37. Rxa6 Rxh2+ 38. Kf3 f5 39. Ra8+ Kg7
40. Kf4 Rf2+ 41. Kg5 h6+ 0-1

[Event "Afternoon Action Class (September)"]
[Site "Farmington Hills, Mich."]
[Date "1991.09.28"]
[Round "2"]
[White "Bean, James"]
[Black "Moody, David"]
[Result "0-1"]
[WhiteElo "1770"]
[BlackElo "2000"]
[PlyCount "62"]
[EventDate "1991.09.28"]

1. e4 e5 2. Nf3 Nc6 3. Bb5 a6 4. Ba4 Nf6 5. O-O Be7 6. Re1 b5 7. Bb3 O-O 8. a4
Bb7 9. d3 d6 10. Nc3 b4 11. Ne2 Na5 12. Ba2 c5 13. c3 Qb6 14. Ng3 b3 15. Bb1 c4
16. Be3 Qc7 17. dxc4 Rab8 18. Nd2 Nxc4 19. Nxb3 Nxb2 20. Qc2 Nc4 21. Bg5 h6 22.
Be3 Nxe3 23. Rxe3 Rfc8 24. Nf5 Bf8 25. Qd2 Bxe4 26. Bxe4 Nxe4 27. Rxe4 Rxb3 28.
Rh4 Qxc3 29. Nxh6+ gxh6 30. Rg4+ Bg7 31. Qxh6 Qxa1+ 0-1

[Event "Afternoon Action Class (October)"]
[Site "Farmington Hills, Mich."]
[Date "1991.10.12"]
[Round "2"]
[White "Moody, David"]
[Black "Gabbara, Faris"]
[Result "1-0"]
[WhiteElo "2000"]
[BlackElo "2096"]
[PlyCount "31"]
[EventDate "1991.10.12"]

1. e4 c5 2. Nf3 e6 3. d4 cxd4 4. Nxd4 Nf6 5. Nc3 Bb4 6. e5 Ne4 7. Qg4 Bxc3+ 8.
bxc3 Qc7 9. Qxg7 Qxc3+ 10. Ke2 b5 11. Qxh8+ Ke7 12. Bh6 d5 13. Qf8+ Kd7 14.
Qxf7+ Kd8 15. Qg8+ Kc7 16. Nxb5+ 1-0

[Event "Morning Action Quads (October)"]
[Site "Farmington Hills, Mich."]
[Date "1991.10.12"]
[Round "1"]
[White "Moody, David"]
[Black "Bailey, Greg"]
[Result "1-0"]
[WhiteElo "2000"]
[BlackElo "2000"]
[PlyCount "33"]
[EventDate "1991.10.12"]

1. e4 e6 2. d4 d5 3. Nc3 Bb4 4. e5 c5 5. a3 Ba5 6. b4 cxb4 7. Nb5 bxa3+ 8. c3
Bc7 9. Qg4 g6 10. Bxa3 f5 11. Qf4 Na6 12. Nf3 Bd7 13. h4 Nf6 14. h5 Kf7 15.
Ng5+ Kg8 16. hxg6 hxg6 17. Rxh8+ 1-0

[Event "Morning Action Quads (October)"]
[Site "Farmington Hills, Mich."]
[Date "1991.10.12"]
[Round "3"]
[White "Leveson, Morris"]
[Black "Moody, David"]
[Result "1-0"]
[WhiteElo "2067"]
[BlackElo "2000"]
[PlyCount "75"]
[EventDate "1991.10.12"]

1. d4 Nf6 2. c4 c5 3. d5 e6 4. Nc3 exd5 5. cxd5 d6 6. e4 g6 7. Be2 Bg7 8. Nf3
O-O 9. O-O Bg4 10. Nd2 Bxe2 11. Qxe2 Re8 12. f3 a6 13. a4 Nbd7 14. Nc4 Ne5 15.
Rb1 Nxc4 16. Qxc4 Nd7 17. Bd2 Ne5 18. Qe2 c4 19. f4 Nd3 20. b3 b5 21. axb5 axb5
22. bxc4 bxc4 23. Qf3 Qa5 24. e5 dxe5 25. Ne4 Qa2 26. f5 Reb8 27. Rxb8+ Rxb8
28. fxg6 fxg6 29. Qf7+ Kh8 30. d6 Rf8 31. Qe7 Rxf1+ 32. Kxf1 Qb1+ 33. Ke2 Nf4+
34. Kf2 Qb6+ 35. Kf3 Qb8 36. d7 Ne6 37. Qe8+ Bf8 38. Qxb8 1-0

[Event "Afternoon Action Class (October)"]
[Site "Farmington Hills, Mich."]
[Date "1991.10.12"]
[Round "1"]
[White "Finegold, Mark"]
[Black "Moody, David"]
[Result "1-0"]
[WhiteElo "2238"]
[BlackElo "2000"]
[PlyCount "78"]
[EventDate "1991.10.12"]

1. e4 e5 2. Nf3 Nc6 3. Bb5 a6 4. Ba4 Nf6 5. O-O Be7 6. Re1 b5 7. Bb3 O-O 8. a4
Bb7 9. d3 d6 10. c3 Nb8 11. Nbd2 Nbd7 12. Bc2 c5 13. Nf1 Re8 14. d4 Bf8 15. Ng3
g6 16. d5 c4 17. h4 Nc5 18. a5 Bc8 19. h5 Bg4 20. hxg6 fxg6 21. Nf1 Bg7 22.
N1h2 Bh5 23. Bg5 Qd7 24. Qd2 Rf8 25. Nh4 Ng4 26. f3 Qa7 27. fxg4 Nxe4+ 28. Qe3
Nxg5 29. Qxa7 Rxa7 30. gxh5 gxh5 31. Nf5 Raf7 32. Rf1 e4 33. Nxg7 Rxg7 34.
Rxf8+ Kxf8 35. Kh1 h4 36. Rf1+ Ke7 37. Rf4 h3 38. Bxe4 hxg2+ 39. Bxg2 h5 1-0

[Event "Morning Action Quads (October)"]
[Site "Farmington Hills, Mich."]
[Date "1991.10.12"]
[Round "2"]
[White "Bee, Anthony"]
[Black "Moody, David"]
[Result "0-1"]
[WhiteElo "1933"]
[BlackElo "2000"]
[PlyCount "20"]
[EventDate "1991.10.12"]

1. d4 Nf6 2. c4 c5 3. d5 e6 4. dxe6 fxe6 5. Nf3 d5 6. e3 Nc6 7. Be2 Be7 8. O-O
O-O 9. Nc3 d4 10. b3 dxc3 0-1

[Event "Afternoon Action Class (October)"]
[Site "Farmington Hills, Mich."]
[Date "1991.10.12"]
[Round "3"]
[White "Bailey, Greg"]
[Black "Moody, David"]
[Result "0-1"]
[WhiteElo "2000"]
[BlackElo "2000"]
[PlyCount "44"]
[EventDate "1991.10.12"]

1. f4 e5 2. fxe5 d6 3. exd6 Bxd6 4. Nf3 g5 5. g3 g4 6. Nh4 Ne7 7. Nc3 Ng6 8.
Nxg6 hxg6 9. Ne4 Bf5 10. Nxd6+ Qxd6 11. Bg2 Rxh2 12. Kf2 Rxg2+ 13. Kxg2 Be4+
14. Kf2 Bxh1 15. Qxh1 Qf6+ 16. Ke1 Nc6 17. Qe4+ Kf8 18. Qxg4 Nd4 19. Qe4 Re8
20. Qd3 Rxe2+ 21. Qxe2 Nxe2 22. Kxe2 Qe5+ 0-1

[Event "Trenton Quads (October)"]
[Site "Trenton, Mich."]
[Date "1991.10.20"]
[Round "1"]
[White "Smith, Mike A"]
[Black "Moody, David"]
[Result "0-1"]
[WhiteElo "1880"]
[BlackElo "2000"]
[PlyCount "132"]
[EventDate "1991.10.20"]

1. e4 e5 2. Nf3 Nc6 3. Bb5 a6 4. Ba4 Nf6 5. O-O Be7 6. d3 b5 7. Bb3 O-O 8. Nc3
d6 9. h3 Na5 10. Ne1 Nxb3 11. axb3 d5 12. f4 dxe4 13. fxe5 Qd4+ 14. Kh1 Qxe5
15. Bf4 Qc5 16. dxe4 Bb7 17. Nd3 Qc6 18. Ne5 Qe6 19. Nf3 Nxe4 20. Bxc7 Ng5 21.
Re1 Bxf3 22. Rxe6 Bxd1 23. Rxe7 Bxc2 24. Nd5 Bxb3 25. Nb4 a5 26. Rxa5 Rxa5 27.
Bxa5 h6 28. Nc6 Bd5 29. Nd4 Ra8 30. Bc3 Ra1+ 31. Kh2 Rf1 32. Re2 h5 33. Nxb5 h4
34. Nd4 Ne4 35. Re1 Rf2 36. Re2 Rf6 37. Nf3 Nxc3 38. bxc3 Bxf3 39. gxf3 Rxf3
40. Rc2 Rg3 41. c4 Kf8 42. c5 Ke8 43. c6 Kd8 44. Rd2+ Kc8 45. Rd7 f5 46. Rf7 g6
47. Rg7 g5 48. Rf7 f4 49. Rg7 Kd8 50. c7+ Kc8 51. Rf7 f3 52. Rg7 Rg2+ 53. Kh1
g4 54. hxg4 h3 55. Rf7 f2 56. g5 Rg1+ 57. Kh2 f1=Q 58. Rxf1 Rxf1 59. Kxh3 Kxc7
60. Kh4 Kd7 61. Kh5 Ke7 62. Kh6 Kf8 63. Kh7 Rf7+ 64. Kh8 Rg7 65. g6 Rxg6 66.
Kh7 Ra6 0-1

[Event "Trenton Quads (October)"]
[Site "Trenton, Mich."]
[Date "1991.10.20"]
[Round "2"]
[White "Moody, David"]
[Black "Burke, Tim"]
[Result "0-1"]
[WhiteElo "2000"]
[BlackElo "1701"]
[PlyCount "76"]
[EventDate "1991.10.20"]

1. e4 c5 2. Nf3 d6 3. d4 cxd4 4. Nxd4 Nf6 5. Nc3 g6 6. Be3 Bg7 7. f3 Nc6 8. Bc4
O-O 9. Qd2 Ne5 10. Bb3 a5 11. h4 Bd7 12. h5 Nxh5 13. g4 Nxg4 14. fxg4 Bxg4 15.
Bh6 Rc8 16. Bxg7 Kxg7 17. Qg5 Nf6 18. Nd5 h5 19. Nf5+ Bxf5 20. exf5 a4 21. Nf4
Qa5+ 22. c3 Qe5+ 23. Kd1 axb3 24. Ne6+ fxe6 25. Qxg6+ Kh8 26. axb3 Qxf5 27.
Qh6+ Nh7 28. Rxh5 Qf1+ 29. Kd2 Rf2+ 30. Ke3 Qe2+ 31. Kd4 Qd2+ 32. Qxd2 Rxd2+
33. Ke3 Rg2 34. Rah1 Rg7 35. Rh6 Kg8 36. Rxe6 Kf7 37. Re4 Nf6 38. Rb4 Nd5+ 0-1

[Event "Trenton Quads (October)"]
[Site "Trenton, Mich."]
[Date "1991.10.20"]
[Round "3"]
[White "McCarter, Robert"]
[Black "Moody, David"]
[Result "1-0"]
[WhiteElo "1727"]
[BlackElo "2000"]
[PlyCount "77"]
[EventDate "1991.10.20"]

1. d4 c5 2. e3 d5 3. Nf3 Bf5 4. Bd3 Bxd3 5. cxd3 e6 6. O-O Nc6 7. dxc5 Bxc5 8.
d4 Bd6 9. Nc3 Nf6 10. Bd2 O-O 11. Rc1 Rc8 12. Qb3 Na5 13. Qb5 a6 14. Qd3 Nc4
15. b3 Nxd2 16. Nxd2 Ba3 17. Rc2 Qc7 18. Ndb1 Bd6 19. g3 b5 20. Rfc1 Qe7 21.
Nxd5 Qb7 22. Nxf6+ gxf6 23. Rxc8 Rxc8 24. Rxc8+ Qxc8 25. Qc3 Qb7 26. Nd2 h5 27.
h4 Qe7 28. Qc8+ Kg7 29. Qxa6 e5 30. Ne4 Bb4 31. Qc6 exd4 32. exd4 f5 33. Ng5
Qe1+ 34. Kg2 Qe2 35. Qf3 Qxa2 36. Qxf5 Qxb3 37. Qxb5 Qa3 38. Qe5+ Kg8 39. Qe8+
1-0

[Event "Region V"]
[Site "?"]
[Date "1991.10.26"]
[Round "2.28"]
[White "Calabria, John"]
[Black "Aldrich, Jeff"]
[Result "0-1"]
[WhiteElo "988"]
[BlackElo "1900"]
[PlyCount "54"]
[EventDate "1991.??.??"]

1. d4 d5 2. c4 e6 3. Nc3 Nf6 4. e3 c6 5. Nf3 Nbd7 6. Bd3 Be7 7. O-O O-O 8. a3
dxc4 9. Bxc4 b5 10. Bb3 Bb7 11. Re1 a6 12. Bd2 c5 13. Bc2 Rc8 14. e4 cxd4 15.
Nxd4 Ne5 16. Bf4 Nc4 17. e5 Nxb2 18. Qb1 Qxd4 19. Bc1 Qxc3 20. Bxb2 Qxc2 21.
Qxc2 Rxc2 22. exf6 Bc5 23. fxg7 Rd8 24. Bf6 Rxf2 25. Bxd8 Rxg2+ 26. Kf1 Rf2+
27. Kg1 Rf4+ 0-1

[Event "Region V"]
[Site "?"]
[Date "1991.10.26"]
[Round "3.19"]
[White "Aldrich, Jeff"]
[Black "Nesvytis, Victor"]
[Result "1-0"]
[WhiteElo "1900"]
[BlackElo "1656"]
[PlyCount "54"]
[EventDate "1991.??.??"]

1. d4 c5 2. d5 g6 3. c4 Bg7 4. Nc3 d6 5. e4 Nd7 6. f4 Ngf6 7. Nf3 Qa5 8. Bd2
Qd8 9. Bd3 a6 10. O-O b6 11. Qe2 Bb7 12. e5 dxe5 13. fxe5 Ng8 14. e6 fxe6 15.
Qxe6 Ndf6 16. Ne5 Qc8 17. Qf7+ Kd8 18. Qxg7 Kc7 19. Bf4 g5 20. Qxg5 Qe8 21.
Nf7+ Kc8 22. Bf5+ Nd7 23. Nxh8 Ngf6 24. Qg7 Kd8 25. Nf7+ Kc8 26. Rae1 Nh5 27.
Nd6+ exd6 1-0

[Event "Region V"]
[Site "?"]
[Date "1991.10.26"]
[Round "1.30"]
[White "Aldrich, Jeff"]
[Black "Larsen, Bryan"]
[Result "1-0"]
[WhiteElo "1900"]
[BlackElo "1343"]
[PlyCount "69"]
[EventDate "1991.??.??"]

1. d4 Nf6 2. c4 d5 3. Nc3 c6 4. Nf3 Nbd7 5. e3 dxc4 6. Bxc4 Nb6 7. Bd3 Bg4 8.
h3 Bh5 9. O-O e6 10. Re1 Be7 11. Ne4 Nxe4 12. Bxe4 Bg6 13. Bxg6 hxg6 14. Ne5
Bd6 15. Nf3 Qd7 16. Qc2 O-O-O 17. Bd2 Nd5 18. a3 Qe8 19. b4 Kb8 20. e4 Nc7 21.
a4 e5 22. dxe5 Bxe5 23. Rac1 Qe7 24. Nxe5 Qxe5 25. Bc3 Qe7 26. Bxg7 Rhe8 27.
Qc3 Ne6 28. Be5+ Ka8 29. Bf6 Qd7 30. Bxd8 Rxd8 31. b5 cxb5 32. axb5 Nf4 33. Kh2
Nd3 34. Red1 Qd6+ 35. e5 1-0